|
|
|
|
| LEADER |
00000nab a2200000uu 4500 |
| 001 |
vtls011148272 |
| 003 |
SK-MaSNL |
| 005 |
20260303104549.0 |
| 008 |
230121|1989 xo |||||||||||||||||slo| |
| 015 |
|
|
|a SNBRB
|
| 035 |
|
|
|a (urnnbn)urn:nbn:sk:snk:ar-a09xc6
|
| 035 |
|
|
|a (uuid)e2a45d43-e86b-47b5-a7f5-0b0bf34fa99a
|
| 035 |
|
|
|a urn:nbn:sk:snk-abayf5
|
| 040 |
|
|
|a SNKBUCL
|b slo
|c SNKBUCL
|e AACR2
|
| 041 |
0 |
|
|a slo
|
| 044 |
|
|
|a xo
|c SK
|
| 100 |
1 |
|
|a Hrabková, Tamara
|4 aut
|9 852442
|
| 245 |
1 |
0 |
|a Ochrana vodných zdrojov
|c Tamara Hrabková
|
| 773 |
0 |
|
|t Vodohospodársky spravodajca
|g Roč. 32, č. 7-8 (1989), s. [259]-262
|
| 954 |
|
|
|a odborná, vedecká literatúra pôvodná (slovenská)
|2 lita
|
| 958 |
|
|
|a OND
|
| 958 |
|
|
|a EUIPO
|
| 958 |
|
|
|a article14
|
| 999 |
|
|
|c 1857347
|d 1859277
|